000 00477nam a2200181Ia 4500
003 GCL
008 140319s9999 xx 000 0 eng d
040 _aGCL /
_cGCL
082 0 4 _a821.7
_bW S
100 1 _aWHITE, R.S
245 1 0 _aKEATS AS A READER OF SHAKESPEARE /
_cWHITE, R.S
260 _a[S.N] :
_bUNIVERSITY OF CALIFORNIA PRESS ،
_c1987
300 _a250 P
650 0 4 _aENGLISH LITERATURE
650 0 4 _aSHAKESPEARE, WILLIAM
650 0 4 _aKEATS
942 _2ddc
_cBK
999 _c19314
_d19314